| 000 | 02303nam0a2200373 4500 | ||
|---|---|---|---|
| 001 | RU\NLR\bibl\974779 | ||
| 005 | 20260607050311.0 | ||
| 021 |
_aRU _b2006-41466 _92075 |
||
| 035 | _a(NLR Aleph) 000962707 | ||
| 090 |
_a349578 _c349578 |
||
| 100 | _a20060814d2006 |||y0rusy50 ca | ||
| 101 | 0 |
_arus _deng |
|
| 102 | _aRU | ||
| 105 | _aa ||||||||| | ||
| 200 | 1 |
_aНовая технология производства моторных топлив из угля и тяжелых нефтяных остатков с применением атомной энергии _fЗродников А.В., Поплавский В.М., Сидоров Г.И. [и др.] |
|
| 210 |
_aОбнинск _cГНЦ РФ - Физико-энергетический институт _d2006 |
||
| 215 |
_a53,[1] с. _cил. _d21 |
||
| 225 | 1 |
_aПрепринт _fФедер. агентство по атомной энергии, Гос. науч. центр РФ - Физ.-энерг. ин-т им. А.И. Лейпунского _vФЭИ-3073 |
|
| 300 | _aРез. на англ. яз. | ||
| 313 | _aисп. ядерного реактора с жидкометаллич. теплоносителем | ||
| 320 | _aБиблиогр.: с. 51-54 (43 назв.) | ||
| 606 | 1 |
_aЯдерные реакторы с жидкометаллическими теплоносителями _xПрименение в производстве топлива синтетического _92440518 _3RU\NLR\auth\661451921 |
|
| 606 | 1 |
_aМоторное топливо _xПроизводство из угля _92440519 _3RU\NLR\auth\661451922 |
|
| 606 | 1 |
_aМоторное топливо _xПроизводство из нефтяных остатков _91643137 _3RU\NLR\auth\66726817 |
|
| 686 | _aЛ55 | ||
| 701 | 1 |
_4070 _7ca _8rus _aЗродников _bА. В. _f1944- _gАнатолий Васильевич _99454 _3RU\NLR\auth\7726413 |
|
| 701 | 1 |
_aПоплавский _bВ. М. _gВладимир Михайлович _4070 |
|
| 701 | 1 |
_4070 _7ca _8rus _aСидоров _bГ. И. _cинженер, углехимия _gГеннадий Иванович _97130 _3RU\NLR\auth\7724078 |
|
| 801 | 0 |
_aRU _bNLR _c20060814 _grcr |
|
| 801 | 1 |
_aRU _bNLR _c20060814 |
|
| 830 | _a2-й авт. по ГАК | ||
| 942 | _cBOOK | ||
| 980 | _aNB | ||